=LDR 00000nam 2200000 4500 =001 INLIS000000000001662 =005 20130612090049 =008 ***********************************Ind** =035 ##$$0010-061300000001662 =041 ##$$a Ind =082 ##$$a F Rom K =090 ##$$a F Rom K, Mil-t =100 ##$$a MILTON, F. Freddy =245 ##$$a Teknokrat agung, Freddy Milton =260 ##$$a 1989 $b Jakarta =300 ##$$a 44 hlm, ilus, 29 cm =650 ##$$a Fiksi Anak =650 ##$$a Terjemahan =850 ##$$a NBPNMAT